Rural planning (Record no. 74521)
[ view plain ]
| 000 -LEADER | |
|---|---|
| fixed length control field | 01486cam a2200217 4500 |
| 001 - CONTROL NUMBER | |
| control field | X127236 |
| 008 - FIXED-LENGTH DATA ELEMENTS--GENERAL INFORMATION | |
| fixed length control field | 040901n2004 000 0 eng u |
| 035 ## - SYSTEM CONTROL NUMBER | |
| System control number | (Sirsi) u127236 |
| 100 ## - MAIN ENTRY--PERSONAL NAME | |
| Personal name | Shorten, J. |
| 245 ## - TITLE STATEMENT | |
| Title | Rural planning |
| 260 ## - PUBLICATION, DISTRIBUTION, ETC. | |
| Date of publication, distribution, etc. | 2004 |
| 490 ## - SERIES STATEMENT | |
| Series statement | Town & Country Planning |
| Volume/sequential designation | 73(6) June 2004, 186-195(10) |
| 520 ## - SUMMARY, ETC. | |
| Summary, etc. | Two articles looking at rural planning issues."New light on country life" examines research looking at the role of rural settlements as service centres. Eight market towns and a selection of rural hinterlands were selected to reflect a range of rural situations. Interviews were conducted covering household attributes, work and commuting, use of a variety of services, use of different modes of transport and reasons for living in the towns or villages. National, regional and local planning policies were also considered. Case studies illustrate the mappings of the findings in the survey. ''Key rural services and planning" examines the effectiveness of current development plan policies in safeguarding the future of the rural shops, the post office and the public house. Provides a template which could be used by local authorities seeking to develop or enhance their policies on key rural services. |
| 650 ## - SUBJECT ADDED ENTRY--TOPICAL TERM | |
| Topical term or geographic name entry element | RURAL DEVELOPMENT |
| 650 ## - SUBJECT ADDED ENTRY--TOPICAL TERM | |
| Topical term or geographic name entry element | SUSTAINABLE DEVELOPMENT |
| 650 ## - SUBJECT ADDED ENTRY--TOPICAL TERM | |
| Topical term or geographic name entry element | MARKET TOWNS |
| 690 ## - LOCAL SUBJECT ADDED ENTRY--TOPICAL TERM (OCLC, RLIN) | |
| Topical term or geographic name as entry element | ENVIRONMENTAL AND LAND CONSULTANCY-PLANNING AND DEVELOPMENT |
| 700 ## - ADDED ENTRY--PERSONAL NAME | |
| Personal name | Cassidy, M. |
| 700 ## - ADDED ENTRY--PERSONAL NAME | |
| Personal name | Alexander, D. |
| 942 ## - ADDED ENTRY ELEMENTS (KOHA) | |
| Suppress in OPAC | 0 |
| Withdrawn status | Lost status | Source of classification or shelving scheme | Damaged status | Not for loan | Home library | Current library | Shelving location | Date acquired | Total Checkouts | Full call number | Barcode | Date last seen | Copy number | Price effective from | Koha item type |
|---|---|---|---|---|---|---|---|---|---|---|---|---|---|---|---|
| Dewey Decimal Classification | London | London | Journal article | 01/09/2004 | X127236 | 127236-1001 | 06/08/2019 | 1 | 06/08/2019 | Journal article |